Risk management for projects / (Record no. 550256)

000 -LEADER
fixed length control field 01367cam a22003254a 4500
020 ## - INTERNATIONAL STANDARD BOOK NUMBER
International Standard Book Number 0415260558 (hardback)
020 ## - INTERNATIONAL STANDARD BOOK NUMBER
International Standard Book Number 0415260566 (pbk.)
020 ## - INTERNATIONAL STANDARD BOOK NUMBER
International Standard Book Number 9780415260558 (hardback)
020 ## - INTERNATIONAL STANDARD BOOK NUMBER
International Standard Book Number 9780415260565 (pbk.)
082 00 - DEWEY DECIMAL CLASSIFICATION NUMBER
Classification number 658.477
Author Mark LOO
-- MCE
100 ## - MAIN ENTRY--PERSONAL NAME
Personal name Martin Loosemore
9 (RLIN) 13220
245 00 - TITLE STATEMENT
Title Risk management for projects /
Remainder of title Martin Loosemore
250 ## - EDITION STATEMENT
Edition statement 2nd ed.
260 ## - PUBLICATION, DISTRIBUTION, ETC.
Place of publication, distribution, etc. London ;
-- New York :
Name of publisher, distributor, etc. Tayor & Francis,
Date of publication, distribution, etc. 2006.
300 ## - PHYSICAL DESCRIPTION
Extent xviii, 260 p. :
Other physical details ill. ;
Dimensions 24 cm.
505 0# - FORMATTED CONTENTS NOTE
Formatted contents note Risk and uncertainty in project -- Risk and opportunity -- Risk and opportunity analysis -- Perception of risk -- Risk response, crisis management and recovery -- Developing and implementing a successful risk and opportunity management system.
526 ## - STUDY PROGRAM INFORMATION NOTE
Program name 0
Interest level 0
Reading level 0
Title point value 658_477000000000000_LOO
526 ## - STUDY PROGRAM INFORMATION NOTE
Program name 0
Interest level 0
Reading level 0
Title point value 658_477000000000000_LOO
526 ## - STUDY PROGRAM INFORMATION NOTE
Program name 0
Interest level 0
Reading level 0
Title point value 658_477000000000000_LOO
650 #0 - SUBJECT ADDED ENTRY--TOPICAL TERM
Topical term or geographic name entry element Building
General subdivision Risk assessment.
9 (RLIN) 46955
650 #0 - SUBJECT ADDED ENTRY--TOPICAL TERM
Topical term or geographic name entry element Building
General subdivision Safety measures.
9 (RLIN) 269
650 #0 - SUBJECT ADDED ENTRY--TOPICAL TERM
Topical term or geographic name entry element Construction industry
General subdivision Risk management.
9 (RLIN) 24754
650 #0 - SUBJECT ADDED ENTRY--TOPICAL TERM
Topical term or geographic name entry element Decision making.
9 (RLIN) 1911
650 #0 - SUBJECT ADDED ENTRY--TOPICAL TERM
Topical term or geographic name entry element Emergency management.
650 #0 - SUBJECT ADDED ENTRY--TOPICAL TERM
Topical term or geographic name entry element MCE
9 (RLIN) 379
700 1# - ADDED ENTRY--PERSONAL NAME
Personal name Loosemore, Martin,
9 (RLIN) 46956
856 41 - ELECTRONIC LOCATION AND ACCESS
Uniform Resource Identifier <a href="http://www.loc.gov/catdir/toc/ecip0513/2005014920.html">http://www.loc.gov/catdir/toc/ecip0513/2005014920.html</a>
856 42 - ELECTRONIC LOCATION AND ACCESS
Uniform Resource Identifier <a href="http://www.loc.gov/catdir/enhancements/fy0659/2005014920-d.html">http://www.loc.gov/catdir/enhancements/fy0659/2005014920-d.html</a>
942 ## - ADDED ENTRY ELEMENTS (KOHA)
Source of classification or shelving scheme
Koha item type Book
Holdings
Withdrawn status Lost status Source of classification or shelving scheme Damaged status Not for loan Permanent Location Current Location Date acquired Total Checkouts Full call number Barcode Date last seen Copy number Price effective from Koha item type Total Renewals Date last checked out
          Military College of Engineering (MCE) Military College of Engineering (MCE) 10/29/2014   658.477 LOO MCE-50121 10/29/2014 1 03/14/2021 Book    
          Military College of Engineering (MCE) Military College of Engineering (MCE) 10/29/2014 4 658.477 LOO MCE-50122 01/24/2019 2 03/14/2021 Book 2 01/09/2019
          Military College of Engineering (MCE) Military College of Engineering (MCE) 10/29/2014 4 658.477 LOO MCE-50123 01/24/2019 3 03/14/2021 Book   11/13/2018
© 2023 Central Library, National University of Sciences and Technology. All Rights Reserved.